000 00526nam a22001697a 4500
003 OSt
005 20230301132418.0
008 190522b xxu||||| |||| 00| 0 eng d
040 _clado v
082 _a779
_bG182m
100 _aGalvez, Erick
_9771
_eautor
245 _aSeminario de investigación/
_bMurió un centroamericano | El Poeta Discreto/
260 _aGuatemala
_bYaxs
_c2017
300 _a12p.
_btrae dos afiches
_c13x20cm
700 _aDe Leon, Jorge
_eautor
942 _2ddc
_c1
_h779
_iG182m
_n0
999 _c3106
_d3106